[Event "Ogolnopolski Turniej Niepelnosprawnych"]
[Site "Rowy"]
[Date "2011.??.??"]
[Round "6.15"]
[White "Dembowski, Andrzej"]
[Black "Wroblewski, Mieczyslaw"]
[Result "1-0"]
[WhiteElo "1942"]
[BlackElo "1791"]
[PlyCount "67"]
[EventDate "2011.??.??"]

1. d4 Nf6 2. Nf3 b6 3. g3 Bb7 4. Bg2 d6 5. O-O Nbd7 6. c4 d5 7. b3 e6 8. Bb2
Bd6 9. Nbd2 O-O 10. Rc1 c5 11. Re1 Re8 12. cxd5 exd5 13. dxc5 bxc5 14. Nh4 Qb6
15. Nhf3 Re7 16. e3 Rae8 17. Qc2 Ne4 18. Nxe4 dxe4 19. Nd2 f5 20. Nc4 Qc7 21.
Nxd6 Qxd6 22. Red1 Qb6 23. Bh3 Qe6 24. Bf1 Ba6 25. Bxa6 Qxa6 26. Rd5 Ne5 27.
Bxe5 Rxe5 28. Qxc5 R5e6 29. a4 g6 30. Rd7 Qb6 31. Qd5 Kh8 32. Rcc7 a5 33. Rxh7+
Kg8 34. Qd7 1-0

[Event "Ogolnopolski Turniej Niepelnosprawnych"]
[Site "Rowy"]
[Date "2011.??.??"]
[Round "6.16"]
[White "Borowski, Jaroslaw"]
[Black "Opolski, Wojciech"]
[Result "1-0"]
[WhiteElo "1982"]
[BlackElo "1713"]
[PlyCount "27"]
[EventDate "2011.??.??"]

1. d4 d5 2. Nf3 c5 3. c4 cxd4 4. Qxd4 Nc6 5. Qxd5 Qxd5 6. cxd5 Nb4 7. Na3 Nxd5
8. e4 Nb6 9. Nb5 Kd8 10. Bf4 e5 11. O-O-O+ Bd7 12. Nxe5 Rc8+ 13. Kb1 Ke7 14.
Nxd7 1-0

[Event "Ogolnopolski Turniej Niepelnosprawnych"]
[Site "Rowy"]
[Date "2011.??.??"]
[Round "6.17"]
[White "Solek, Zenon"]
[Black "Jonczyk, Jan"]
[Result "1-0"]
[WhiteElo "1883"]
[BlackElo "1696"]
[PlyCount "41"]
[EventDate "2011.??.??"]

1. f4 c6 2. e4 d5 3. Nc3 dxe4 4. Nxe4 Bf5 5. Ng3 e6 6. Nxf5 exf5 7. Nf3 Nf6 8.
Bc4 Be7 9. O-O O-O 10. d4 Nbd7 11. c3 Bd6 12. Ne5 Nb6 13. Bb3 c5 14. Kh1 cxd4
15. Qxd4 Qc7 16. Be3 Rac8 17. Rad1 Bc5 18. Qxc5 Qxc5 19. Bxc5 Rxc5 20. Nxf7 Nc4
21. Ne5 1-0

[Event "Ogolnopolski Turniej Niepelnosprawnych"]
[Site "Rowy"]
[Date "2011.??.??"]
[Round "6.18"]
[White "Salamon, Jan"]
[Black "Radwan, Jan"]
[Result "1-0"]
[WhiteElo "1823"]
[BlackElo "1693"]
[PlyCount "56"]
[EventDate "2011.??.??"]

1. d4 Nf6 2. c4 e6 3. Nf3 c6 4. Nc3 h6 5. Bf4 d6 6. e3 Be7 7. Bd3 Nh5 8. Bg3
O-O 9. Nd2 Nxg3 10. hxg3 f5 11. O-O Bd7 12. Rc1 Be8 13. Bb1 Nd7 14. Qc2 Rf7 15.
e4 Nf8 16. exf5 exf5 17. d5 Bd7 18. b3 a6 19. Nf3 Bf6 20. Rfe1 c5 21. Ne2 b5
22. Nf4 Qa5 23. Nh5 bxc4 24. Nxf6+ Rxf6 25. bxc4 Qc7 26. Nh4 f4 27. gxf4 Rxf4
28. g3 Rf6 1-0

[Event "Ogolnopolski Turniej Niepelnosprawnych"]
[Site "Rowy"]
[Date "2011.??.??"]
[Round "6.21"]
[White "Zawada, Andrzej"]
[Black "Olszewski, Jerzy"]
[Result "1-0"]
[WhiteElo "1714"]
[BlackElo "1885"]
[PlyCount "69"]
[EventDate "2011.??.??"]

1. e4 e5 2. Nf3 Nc6 3. Nc3 Bc5 4. Bb5 d6 5. d4 exd4 6. Nxd4 Bd7 7. Nxc6 bxc6 8.
Bd3 a5 9. O-O Ne7 10. Qh5 Ng6 11. Kh1 Ne5 12. Be2 h6 13. Bd1 Qc8 14. h3 g6 15.
Qh4 Qd8 16. Qg3 g5 17. f4 Qf6 18. Be2 gxf4 19. Bxf4 O-O-O 20. Bxe5 Qxe5 21.
Qxe5 dxe5 22. Rxf7 Be6 23. Rf6 Kd7 24. a3 Rdg8 25. Na4 Bd6 26. Rd1 Ke7 27. Rf2
Rg3 28. c4 c5 29. Kh2 Rhg8 30. Nc3 c6 31. Rd2 R3g7 32. Nd1 Rf7 33. Rxf7+ Bxf7
34. Ne3 Bc7 35. Nf5+ 1-0

[Event "Ogolnopolski Turniej Niepelnosprawnych"]
[Site "Rowy"]
[Date "2011.??.??"]
[Round "6.22"]
[White "Krawiec, Stanislaw"]
[Black "Jackowski, Ryszard"]
[Result "0-1"]
[WhiteElo "1662"]
[BlackElo "1820"]
[PlyCount "48"]
[EventDate "2011.??.??"]

1. e4 g6 2. d4 Bg7 3. Nf3 d6 4. Be3 Nf6 5. Bd3 O-O 6. h3 Nbd7 7. c3 e5 8. d5 c6
9. c4 Qa5+ 10. Nbd2 a6 11. O-O c5 12. Nb3 Qc7 13. a4 a5 14. Bd2 b6 15. Rb1 Nb8
16. Nh2 Na6 17. f3 Nb4 18. Be2 Nh5 19. Na1 Bd7 20. b3 Rae8 21. Qe1 Qd8 22. g4
Nf4 23. Qd1 Qh4 24. Kh1 Qxh3 0-1

[Event "Ogolnopolski Turniej Niepelnosprawnych"]
[Site "Rowy"]
[Date "2011.??.??"]
[Round "6.23"]
[White "Juraszewski, Mieczyslaw"]
[Black "Jasinska-Kuzia, Lidia"]
[Result "1/2-1/2"]
[WhiteElo "1786"]
[BlackElo "1727"]
[PlyCount "42"]
[EventDate "2011.??.??"]

1. d4 d5 2. Nf3 Nf6 3. c4 dxc4 4. Nc3 Bg4 5. e3 Bxf3 6. Qxf3 c6 7. Bxc4 e6 8.
O-O Be7 9. Ne4 Nd5 10. Rd1 O-O 11. Ng3 Nd7 12. a3 Qc7 13. e4 N5f6 14. e5 Nd5
15. Nh5 g6 16. Bh6 Rfe8 17. Bxd5 exd5 18. Nf6+ Nxf6 19. exf6 Bf8 20. Bf4 Bd6
21. Bxd6 Qxd6 1/2-1/2

[Event "Ogolnopolski Turniej Niepelnosprawnych"]
[Site "Rowy"]
[Date "2011.??.??"]
[Round "6.24"]
[White "Janocha, Jan"]
[Black "Przybylak, Gabriela"]
[Result "1-0"]
[WhiteElo "1781"]
[BlackElo "1419"]
[PlyCount "41"]
[EventDate "2011.??.??"]

1. e4 b6 2. f4 Bb7 3. Nc3 d6 4. Nf3 e6 5. d4 Be7 6. Bd3 c6 7. O-O Nd7 8. Be3
Ngf6 9. e5 Nd5 10. Nxd5 cxd5 11. Qe1 O-O 12. Qg3 Rc8 13. Qh3 g6 14. Qh6 Re8 15.
g4 Bf8 16. Qh3 Be7 17. Rf2 a6 18. Raf1 f5 19. gxf5 exf5 20. Rg2 Ra8 21. Bxf5
1-0

[Event "Ogolnopolski Turniej Niepelnosprawnych"]
[Site "Rowy"]
[Date "2011.??.??"]
[Round "6.25"]
[White "Strojek, Kazimierz"]
[Black "Lenart, Franciszek"]
[Result "1-0"]
[WhiteElo "1775"]
[BlackElo "1601"]
[PlyCount "33"]
[EventDate "2011.??.??"]

1. e4 e5 2. Nf3 d6 3. d4 exd4 4. Nxd4 Bd7 5. Nc3 Nc6 6. Be3 g6 7. Bc4 Bg7 8.
Qd2 Nf6 9. f3 O-O 10. h4 a6 11. O-O-O b5 12. Bb3 Nxd4 13. Bxd4 a5 14. h5 Nxh5
15. Bxg7 Nxg7 16. Qh6 Nh5 17. g4 1-0

[Event "Ogolnopolski Turniej Niepelnosprawnych"]
[Site "Rowy"]
[Date "2011.??.??"]
[Round "6.26"]
[White "Sarnowski, Ryszard"]
[Black "Prokopczuk, Antoni"]
[Result "0-1"]
[WhiteElo "1583"]
[BlackElo "1753"]
[PlyCount "79"]
[EventDate "2011.??.??"]

1. e4 c5 2. Nf3 d6 3. d4 cxd4 4. Nxd4 Nf6 5. Nc3 a6 6. Bd3 Qb6 7. O-O Bd7 8.
Nb3 Nc6 9. Be3 Qd8 10. h3 e6 11. Na4 b5 12. Nb6 Rb8 13. Nxd7 Qxd7 14. a3 Be7
15. Qd2 Ne5 16. f4 Nxd3 17. cxd3 O-O 18. Rac1 Rfc8 19. Na5 Bd8 20. Nb3 Bb6 21.
Rxc8+ Qxc8 22. Bxb6 Rxb6 23. Na5 Rb8 24. Rc1 Qd8 25. Qc3 Nd7 26. d4 Ra8 27. Qc7
Nf6 28. e5 dxe5 29. Qxd8+ Rxd8 30. Nc6 Ra8 31. Nxe5 Nd5 32. g3 f6 33. Nc6 Kf7
34. Na5 h5 35. h4 Ne3 36. Rc7+ Kg6 37. Rc1 Nf5 38. Kf2 Nxd4 39. Ke3 Nf5+ 40.
Kf3 0-1

[Event "Ogolnopolski Turniej Niepelnosprawnych"]
[Site "Rowy"]
[Date "2011.??.??"]
[Round "6.30"]
[White "Grobelna, Ewa"]
[Black "Jagiello, Adolf"]
[Result "1/2-1/2"]
[WhiteElo "1586"]
[BlackElo "1443"]
[PlyCount "34"]
[EventDate "2011.??.??"]

1. d4 d5 2. Nc3 e6 3. a3 Bd7 4. e4 dxe4 5. Nxe4 Bc6 6. Ng3 Nf6 7. c3 h6 8. Nf3
Bd6 9. Bd3 Bxg3 10. fxg3 O-O 11. O-O Nbd7 12. Qe2 a6 13. Bf4 Nd5 14. Bd2 b5 15.
Rae1 Bb7 16. Ne5 N5f6 17. Nxd7 Nxd7 1/2-1/2

[Event "Ogolnopolski Turniej Niepelnosprawnych"]
[Site "Rowy"]
[Date "2011.??.??"]
[Round "6.31"]
[White "Budnik, Kazimierz"]
[Black "Pilecki, Jozef"]
[Result "1-0"]
[WhiteElo "1567"]
[BlackElo "1432"]
[PlyCount "45"]
[EventDate "2011.??.??"]

1. e4 e5 2. Nf3 Nc6 3. Bc4 Nd4 4. c3 Nxf3+ 5. Qxf3 Qf6 6. Qg3 h6 7. O-O Bc5 8.
b4 Bd6 9. d3 Ne7 10. f4 Ng6 11. f5 Nf4 12. Qf3 Qg5 13. d4 f6 14. dxe5 fxe5 15.
Na3 c6 16. Nc2 b5 17. Bb3 Bb7 18. Ne1 O-O-O 19. Nd3 Qh5 20. Nxf4 Qxf3 21. Rxf3
exf4 22. Bxf4 Bxf4 23. Rxf4 1-0

[Event "Ogolnopolski Turniej Niepelnosprawnych"]
[Site "Rowy"]
[Date "2011.??.??"]
[Round "7.1"]
[White "Kaukiel, Piotr"]
[Black "Wojcieszyn, Jacenty"]
[Result "1-0"]
[WhiteElo "2194"]
[BlackElo "2252"]
[PlyCount "53"]
[EventDate "2011.??.??"]

1. e4 c5 2. Nf3 d6 3. d4 cxd4 4. Nxd4 Nf6 5. Nc3 g6 6. Be3 Bg7 7. f3 O-O 8. Qd2
Nc6 9. Bc4 Bd7 10. O-O-O Rc8 11. Bb3 Ne5 12. h4 Nc4 13. Bxc4 Rxc4 14. h5 Nxh5
15. g4 Nf6 16. Bh6 Nxe4 17. Qe3 Rxc3 18. bxc3 Nf6 19. Bxg7 Kxg7 20. Qh6+ Kg8
21. g5 Nh5 22. Rxh5 gxh5 23. Rh1 Qc8 24. Rxh5 Bf5 25. Nxf5 Qxf5 26. g6 Qxg6 27.
Rg5 1-0

[Event "Ogolnopolski Turniej Niepelnosprawnych"]
[Site "Rowy"]
[Date "2011.??.??"]
[Round "7.2"]
[White "Pioch, Zygmunt"]
[Black "Matuszczyk, Krystian"]
[Result "0-1"]
[WhiteElo "2123"]
[BlackElo "2046"]
[PlyCount "78"]
[EventDate "2011.??.??"]

1. e4 c5 2. Nf3 d6 3. d4 cxd4 4. Nxd4 Nf6 5. Nc3 a6 6. h3 e6 7. g4 h6 8. Bg2
Be7 9. O-O Bd7 10. a4 Nc6 11. Nxc6 Bxc6 12. a5 Qc7 13. Be3 Nd7 14. Na4 O-O 15.
Nb6 Nxb6 16. Bxb6 Qd7 17. c4 f5 18. Re1 fxg4 19. hxg4 e5 20. b4 Rf4 21. f3 Bh4
22. Re2 Raf8 23. Rd2 Qf7 24. Qe2 h5 25. gxh5 Qxh5 26. b5 Bd7 27. Rxd6 Bc8 28.
Rad1 Bg3 29. Rd8 Qh4 30. Rxf8+ Rxf8 31. Bf2 Qh2+ 32. Kf1 Bh3 33. Bg1 Qxg2+ 34.
Qxg2 Rxf3+ 35. Ke2 Bxg2 36. Be3 Bf4 37. Rd8+ Kh7 38. Bb6 axb5 39. cxb5 Rb3 0-1

[Event "Ogolnopolski Turniej Niepelnosprawnych"]
[Site "Rowy"]
[Date "2011.??.??"]
[Round "7.3"]
[White "Czech, Mieczyslaw"]
[Black "Ulrych, Wojciech"]
[Result "0-1"]
[WhiteElo "1967"]
[BlackElo "1968"]
[PlyCount "68"]
[EventDate "2011.??.??"]

1. e4 d5 2. exd5 Qxd5 3. Nc3 Qa5 4. d4 Nf6 5. Bc4 Bf5 6. Nf3 Nbd7 7. O-O c6 8.
Bf4 e6 9. a3 Bg4 10. Be2 Be7 11. h3 Bf5 12. b4 Qd8 13. Bd3 Bxd3 14. Qxd3 Nd5
15. Bg3 Nxc3 16. Qxc3 O-O 17. Qb3 Nf6 18. Rad1 Qb6 19. Rfe1 a5 20. c3 axb4 21.
axb4 Qb5 22. Ne5 Qa4 23. Qc4 Nd5 24. Rc1 Bg5 25. f4 Bh6 26. Qf1 g6 27. Nd7 Rfd8
28. Nc5 Qa3 29. Nxb7 Rdb8 30. Nd6 Nxc3 31. Nc4 Qb3 32. Ne3 Na2 33. Ng4 Bg7 34.
Ne5 Nxc1 0-1

[Event "Ogolnopolski Turniej Niepelnosprawnych"]
[Site "Rowy"]
[Date "2011.??.??"]
[Round "7.4"]
[White "Najdzionek, Boleslaw"]
[Black "Kiedrowicz, Jan"]
[Result "0-1"]
[WhiteElo "1871"]
[BlackElo "2301"]
[PlyCount "70"]
[EventDate "2011.??.??"]

1. d4 g6 2. c4 Bg7 3. Nf3 d6 4. Nc3 c6 5. e3 Nf6 6. Be2 O-O 7. O-O Nbd7 8. Qc2
h6 9. Rd1 Nh7 10. e4 e5 11. d5 c5 12. Bd3 Nhf6 13. h3 Nh5 14. Ne2 Qf6 15. Rb1
Re8 16. a3 Nf8 17. Nh2 Nf4 18. Nxf4 exf4 19. Nf3 Nh7 20. Qd2 g5 21. Nh2 Nf8 22.
b4 Nd7 23. Ng4 Qe7 24. Bb2 Bxb2 25. Nxh6+ Kh7 26. Nf5 Qf6 27. Qxb2 Ne5 28. Kf1
b6 29. f3 cxb4 30. axb4 a5 31. bxa5 Bxf5 32. exf5 bxa5 33. Be4 Rec8 34. Rd4 Rc5
35. Qa1 Kg7 0-1

[Event "Ogolnopolski Turniej Niepelnosprawnych"]
[Site "Rowy"]
[Date "2011.??.??"]
[Round "7.5"]
[White "Szczepaniec, Stanislaw"]
[Black "Staruch, Roman"]
[Result "0-1"]
[WhiteElo "2075"]
[BlackElo "1957"]
[PlyCount "84"]
[EventDate "2011.??.??"]

1. c4 e5 2. Nc3 Nf6 3. g3 Bc5 4. Bg2 O-O 5. e3 Nc6 6. Nge2 d6 7. O-O Bg4 8. h3
Bh5 9. Na4 Bb6 10. d3 Nd7 11. Nxb6 Nxb6 12. f4 f5 13. Qd2 Qe7 14. b3 Rae8 15.
Nc3 exf4 16. gxf4 Qh4 17. a4 Rf6 18. Qf2 Qxf2+ 19. Kxf2 Nb4 20. a5 Nxd3+ 21.
Kg1 Nd7 22. Nd5 Rg6 23. Nxc7 Rb8 24. Kh2 N7c5 25. Ra3 Ne4 26. Nd5 Kf7 27. b4
Be2 28. Rg1 Rc8 29. Nc3 Nxc3 30. Rxc3 Nxb4 31. Rb3 Nd3 32. Rxb7+ Kf6 33. Bd5
Rxg1 34. Bd2 Rf1 35. Bc3+ Kg6 36. Rxg7+ Kh6 37. Rg2 Rc7 38. Rxe2 Rf2+ 39. Rxf2
Nxf2 40. Kg2 Ne4 41. Bd4 Nd2 42. c5 dxc5 0-1

[Event "Ogolnopolski Turniej Niepelnosprawnych"]
[Site "Rowy"]
[Date "2011.??.??"]
[Round "7.6"]
[White "Koper, Ireneusz"]
[Black "Niecko, Stanislaw"]
[Result "1-0"]
[WhiteElo "2030"]
[BlackElo "1856"]
[PlyCount "41"]
[EventDate "2011.??.??"]

1. e4 c5 2. Nc3 Nc6 3. g3 g6 4. Bg2 Bg7 5. Nge2 e6 6. O-O Nge7 7. d3 O-O 8. Be3
d6 9. Qd2 Nd4 10. Rae1 Rb8 11. Nc1 b5 12. Nd1 b4 13. c3 bxc3 14. bxc3 Ndc6 15.
Bh6 Ba6 16. Bxg7 Kxg7 17. f4 f5 18. exf5 exf5 19. Ne3 d5 20. Nb3 Bxd3 21. Nxc5
1-0

[Event "Ogolnopolski Turniej Niepelnosprawnych"]
[Site "Rowy"]
[Date "2011.??.??"]
[Round "7.7"]
[White "Cylwik, Zbigniew"]
[Black "Dembowski, Andrzej"]
[Result "0-1"]
[WhiteElo "1986"]
[BlackElo "1942"]
[PlyCount "80"]
[EventDate "2011.??.??"]

1. d4 Nf6 2. c4 g6 3. Nc3 Bg7 4. Nf3 d6 5. Bf4 Nbd7 6. e3 O-O 7. Be2 c5 8. O-O
Nh5 9. Bg5 h6 10. Bh4 cxd4 11. Nxd4 Nhf6 12. Rc1 Qa5 13. a3 a6 14. Bf3 Ne5 15.
Be2 Re8 16. h3 Bd7 17. Kh1 Rac8 18. Nb1 Qc7 19. b4 b6 20. Qb3 Qb7 21. f4 Nc6
22. Bf3 Qa7 23. Nd2 Nxd4 24. exd4 a5 25. Bf2 Qc7 26. Be3 e5 27. fxe5 dxe5 28.
d5 e4 29. Be2 a4 30. Qd1 Qg3 31. Bf4 Qxa3 32. b5 g5 33. Bh2 Ra8 34. Ra1 Qb4 35.
Rb1 Qc5 36. Bg1 e3 37. Nf3 Ne4 38. Qe1 Bc3 39. Qc1 Ng3+ 40. Kh2 Nxf1+ 0-1

[Event "Ogolnopolski Turniej Niepelnosprawnych"]
[Site "Rowy"]
[Date "2011.??.??"]
[Round "7.8"]
[White "Winiarski, Kazimierz"]
[Black "Czech, Jan"]
[Result "1-0"]
[WhiteElo "1967"]
[BlackElo "1851"]
[PlyCount "99"]
[EventDate "2011.??.??"]

1. e4 e5 2. Nf3 Nc6 3. d4 exd4 4. Nxd4 Bc5 5. Be3 Nxd4 6. Bxd4 Bxd4 7. Qxd4 Qg5
8. Nd2 d6 9. O-O-O Ne7 10. Kb1 Qe5 11. Nf3 Qxd4 12. Nxd4 Bd7 13. Bc4 O-O 14.
Rhe1 Kh8 15. f3 f6 16. Be6 Be8 17. Re3 a6 18. Rc3 Nc6 19. Bd5 Nxd4 20. Rxd4 c6
21. Bb3 Rd8 22. Rcd3 d5 23. Rd1 b5 24. a3 Bf7 25. exd5 c5 26. R4d2 c4 27. Ba2
Rd6 28. b3 Rc8 29. bxc4 bxc4 30. Rd4 c3 31. Rb4 h5 32. Bb3 Rc5 33. Rbd4 Kh7 34.
R1d3 g5 35. Ka2 Kg6 36. Bc4 Kf5 37. g4+ hxg4 38. fxg4+ Ke5 39. Kb3 Bxd5 40.
Rxd5+ Rdxd5 41. Rxd5+ Rxd5 42. Bxd5 Kxd5 43. Kxc3 Ke4 44. Kb4 Kf4 45. c4 Kxg4
46. c5 f5 47. c6 f4 48. c7 Kh3 49. c8=Q+ Kxh2 50. Qg4 1-0

[Event "Ogolnopolski Turniej Niepelnosprawnych"]
[Site "Rowy"]
[Date "2011.??.??"]
[Round "7.9"]
[White "Rogalski, Krzysztof"]
[Black "Krawcewicz, Lucyna"]
[Result "1-0"]
[WhiteElo "1846"]
[BlackElo "1963"]
[PlyCount "67"]
[EventDate "2011.??.??"]

1. d4 d5 2. c4 e6 3. Nc3 Nf6 4. Bf4 c6 5. e3 Bd6 6. Nf3 Bxf4 7. exf4 dxc4 8.
Bxc4 O-O 9. O-O Nbd7 10. Qc2 Nb6 11. Bb3 Qd6 12. g3 Nbd5 13. Rad1 Rd8 14. Rfe1
h6 15. Ne5 a5 16. Qe2 Qb4 17. Na4 Bd7 18. Nc5 Be8 19. a3 Qb6 20. Rd3 Qc7 21.
Rf3 Ne7 22. Rd1 b6 23. Ne4 Nf5 24. Rfd3 Nxe4 25. Qxe4 Rac8 26. g4 Nd6 27. Qg2
Qe7 28. Bc2 f6 29. Nf3 Bg6 30. f5 exf5 31. Re3 Qd7 32. Nh4 Bh7 33. Bb3+ Kf8 34.
Be6 1-0

[Event "Ogolnopolski Turniej Niepelnosprawnych"]
[Site "Rowy"]
[Date "2011.??.??"]
[Round "7.10"]
[White "Krasowski, Slawomir"]
[Black "Salamon, Jan"]
[Result "1/2-1/2"]
[WhiteElo "2013"]
[BlackElo "1823"]
[PlyCount "31"]
[EventDate "2011.??.??"]

1. e4 d5 2. exd5 Qxd5 3. Nc3 Qa5 4. d4 Nf6 5. Nf3 c6 6. Bd3 Bg4 7. O-O e6 8. h3
Bh5 9. Ne4 Be7 10. c3 Qc7 11. Re1 O-O 12. Ng3 Bg6 13. Bxg6 hxg6 14. Ne5 c5 15.
Be3 Nc6 16. Nxc6 1/2-1/2

[Event "Ogolnopolski Turniej Niepelnosprawnych"]
[Site "Rowy"]
[Date "2011.??.??"]
[Round "7.11"]
[White "Nadolinski, Roman"]
[Black "Borkowski, Jozef"]
[Result "1-0"]
[WhiteElo "1992"]
[BlackElo "1740"]
[PlyCount "63"]
[EventDate "2011.??.??"]

1. Nf3 Nf6 2. d4 e6 3. Bg5 b6 4. e3 Bb7 5. Bd3 h6 6. Bxf6 Qxf6 7. Nbd2 d5 8.
Rc1 c5 9. c3 c4 10. Bb1 Nc6 11. Qa4 a6 12. O-O b5 13. Qc2 b4 14. Qa4 Bd6 15. e4
Qd8 16. exd5 exd5 17. Rfe1+ Be7 18. Ne5 Rc8 19. Nxc6 Rxc6 20. Qxb4 Qd7 21. Nf3
O-O 22. Qxe7 Qc8 23. Qe2 Rf6 24. Qc2 g6 25. Re3 Qg4 26. Ne5 Qc8 27. Rg3 Kg7 28.
Nxg6 fxg6 29. Rxg6+ Kf7 30. Rxf6+ Kxf6 31. Qg6+ Ke7 32. Re1+ 1-0

[Event "Ogolnopolski Turniej Niepelnosprawnych"]
[Site "Rowy"]
[Date "2011.??.??"]
[Round "7.12"]
[White "Szydlowski, Wiktor"]
[Black "Borowski, Jaroslaw"]
[Result "0-1"]
[WhiteElo "1814"]
[BlackElo "1982"]
[PlyCount "86"]
[EventDate "2011.??.??"]

1. e4 c5 2. Nf3 d6 3. g3 Nc6 4. Bg2 g6 5. O-O Bg7 6. d3 e6 7. Nc3 Nge7 8. Bg5
O-O 9. a3 h6 10. Be3 Kh7 11. Qc1 Rb8 12. Nh4 Nd4 13. f4 b5 14. Kh1 a6 15. g4
Nec6 16. Nf3 b4 17. axb4 Rxb4 18. Bxd4 Nxd4 19. Nxd4 Bxd4 20. Nd1 Rb5 21. c3
Bg7 22. Qe3 f5 23. exf5 exf5 24. g5 h5 25. Re1 d5 26. Qe7 Bb7 27. Ra2 Qa8 28.
d4 Bc6 29. Re6 Re8 30. Qd6 Rxe6 31. Qxe6 cxd4 32. cxd4 Rb4 33. Ne3 Rxd4 34. Ra5
Rd2 35. Bf3 Rxb2 36. Rc5 Bb7 37. Rc7 Qf8 38. Bxh5 gxh5 39. Nxf5 d4+ 40. Kg1
Rb1+ 41. Kf2 Rb2+ 42. Kg3 Qa3+ 43. Ne3 Qxe3+ 0-1

[Event "Ogolnopolski Turniej Niepelnosprawnych"]
[Site "Rowy"]
[Date "2011.??.??"]
[Round "7.13"]
[White "Pipala, Janusz"]
[Black "Zawada, Andrzej"]
[Result "1-0"]
[WhiteElo "1935"]
[BlackElo "1714"]
[PlyCount "67"]
[EventDate "2011.??.??"]

1. f4 Nf6 2. Nf3 d5 3. g3 b6 4. Bg2 Bb7 5. b3 g6 6. Bb2 Bg7 7. e3 Nbd7 8. d3
O-O 9. Qe2 c5 10. Nbd2 Ng4 11. Bxg7 Kxg7 12. Ng5 Ngf6 13. O-O e6 14. Rf2 a5 15.
a4 Qc7 16. Raf1 Rad8 17. g4 h6 18. Nh3 Ng8 19. f5 g5 20. fxe6 fxe6 21. Rxf8
Rxf8 22. Nf2 Ngf6 23. Nh1 Ne5 24. Bf3 Nxf3+ 25. Qxf3 e5 26. Ng3 d4 27. Nh5+ Kh8
28. e4 Nh7 29. Qe2 Qe7 30. Nc4 Qe6 31. Rf5 Bc8 32. Nxe5 Rxf5 33. exf5 Qd5 34.
Ng6+ 1-0

[Event "Ogolnopolski Turniej Niepelnosprawnych"]
[Site "Rowy"]
[Date "2011.??.??"]
[Round "7.14"]
[White "Grabarczyk, Edmund"]
[Black "Solek, Zenon"]
[Result "0-1"]
[WhiteElo "1539"]
[BlackElo "1883"]
[PlyCount "68"]
[EventDate "2011.??.??"]

1. d4 Nf6 2. Bg5 Ne4 3. Bh4 d5 4. f3 Nd6 5. b3 g6 6. e3 Bg7 7. Nc3 O-O 8. Nxd5
Nf5 9. Bf2 Qxd5 10. e4 Qa5+ 11. Qd2 Qxd2+ 12. Kxd2 Nxd4 13. c3 Ndc6 14. f4 Rd8+
15. Kc2 Nb4+ 16. cxb4 Bxa1 17. Nf3 Nc6 18. Bc4 Nxb4+ 19. Kb1 Bg7 20. h3 h6 21.
g4 Be6 22. f5 Bxc4 23. bxc4 Nd3 24. Be3 g5 25. h4 f6 26. hxg5 hxg5 27. Nd4 Ne5
28. Ne6 b6 29. Nxd8 Rxd8 30. c5 Nxg4 31. cxb6 cxb6 32. Bc1 Nf2 33. Re1 Rd1 34.
Re2 Nd3 0-1

[Event "Ogolnopolski Turniej Niepelnosprawnych"]
[Site "Rowy"]
[Date "2011.??.??"]
[Round "7.15"]
[White "Dulinski, Stanislaw"]
[Black "Zatylny, Jan"]
[Result "1-0"]
[WhiteElo "1831"]
[BlackElo "1696"]
[PlyCount "36"]
[EventDate "2011.??.??"]

1. e4 e6 2. d4 d5 3. e5 a6 4. f4 g6 5. Nf3 Nd7 6. Nbd2 b5 7. Bd3 c5 8. c3 cxd4
9. cxd4 Nb6 10. O-O Ne7 11. Ng5 h6 12. Nh3 Nf5 13. Nf3 Bg7 14. g4 Nh4 15. Be3
O-O 16. g5 Nxf3+ 17. Rxf3 hxg5 18. Nxg5 f5 1-0

[Event "Ogolnopolski Turniej Niepelnosprawnych"]
[Site "Rowy"]
[Date "2011.??.??"]
[Round "7.16"]
[White "Jackowski, Ryszard"]
[Black "Wojcieszyn, Zdzislaw"]
[Result "0-1"]
[WhiteElo "1820"]
[BlackElo "2020"]
[PlyCount "60"]
[EventDate "2011.??.??"]

1. e4 c5 2. Nc3 Nc6 3. f4 d6 4. Nf3 g6 5. Bc4 Bg7 6. d3 a6 7. a4 e6 8. O-O Nge7
9. Qe1 Nd4 10. Nxd4 cxd4 11. Ne2 O-O 12. Qh4 d5 13. Bb3 dxe4 14. dxe4 Nc6 15.
Qxd8 Rxd8 16. e5 b6 17. Rd1 Bb7 18. Bd2 Rd7 19. Bc4 Rad8 20. Nc1 Bf8 21. Nd3
Kg7 22. Kf2 h5 23. h4 Be7 24. g3 Rc8 25. Ne1 Nxe5 26. Bxe6 fxe6 27. fxe5 Rc5
28. Bf4 Be4 29. Rac1 Rdc7 30. Nd3 Bxd3 0-1

[Event "Ogolnopolski Turniej Niepelnosprawnych"]
[Site "Rowy"]
[Date "2011.??.??"]
[Round "7.17"]
[White "Wroblewski, Mieczyslaw"]
[Black "Wodas, Pawel"]
[Result "1-0"]
[WhiteElo "1791"]
[BlackElo "1955"]
[PlyCount "68"]
[EventDate "2011.??.??"]

1. e4 c5 2. Nf3 e6 3. d4 cxd4 4. Nxd4 Nc6 5. c4 Qb6 6. Nb5 Bc5 7. Nd6+ Kf8 8.
Qd2 Nf6 9. h3 Ne5 10. Nxc8 Rxc8 11. Nc3 Bb4 12. Qc2 Nxc4 13. Bxc4 Rxc4 14. f3
d5 15. Qd3 Qc7 16. Bd2 dxe4 17. Nxe4 Nxe4 18. Bxb4+ Rxb4 19. fxe4 Qb6 20. O-O-O
Qc6+ 21. Kb1 Ke7 22. Rhe1 Rc8 23. Rc1 Rc4 24. Rcd1 a6 25. e5 h6 26. g4 Rc2 27.
a3 g6 28. Qf1 Kf8 29. Qf6 Kg8 30. Rd8+ Rxd8 31. Qxd8+ Kh7 32. Qf6 Qc7 33. Rf1
Kg8 34. Rd1 Kh7 1-0

[Event "Ogolnopolski Turniej Niepelnosprawnych"]
[Site "Rowy"]
[Date "2011.??.??"]
[Round "7.18"]
[White "Tuszynski, Edmund"]
[Black "Janocha, Jan"]
[Result "1-0"]
[WhiteElo "1947"]
[BlackElo "1781"]
[PlyCount "83"]
[EventDate "2011.??.??"]

1. e4 e6 2. Nc3 c6 3. Nf3 d5 4. exd5 exd5 5. d4 Bd6 6. h3 Nf6 7. Bd3 O-O 8. O-O
Re8 9. Bg5 Nbd7 10. Qd2 Qb6 11. Rab1 Qc7 12. Rfe1 b5 13. a3 Bb7 14. Rxe8+ Rxe8
15. Re1 Rxe1+ 16. Qxe1 h6 17. Bd2 a6 18. Nh4 c5 19. Nf5 c4 20. Be2 Bh2+ 21. Kh1
Bf4 22. Bf3 Bxd2 23. Qxd2 Nf8 24. Qe3 Ne6 25. Ne2 a5 26. c3 Qd7 27. Qe5 Qc7 28.
Nxh6+ Kf8 29. Qxc7 Nxc7 30. Nf5 Nfe8 31. Nf4 g6 32. Ne3 Nf6 33. g4 Ke7 34. Kg2
Kd6 35. h4 Ne6 36. Nxe6 fxe6 37. g5 Nd7 38. Bg4 Bc6 39. f4 Nb8 40. h5 gxh5 41.
Bxh5 Na6 42. Kf3 1-0

[Event "Ogolnopolski Turniej Niepelnosprawnych"]
[Site "Rowy"]
[Date "2011.??.??"]
[Round "7.19"]
[White "Strojek, Kazimierz"]
[Black "Zinczuk, Leon"]
[Result "0-1"]
[WhiteElo "1775"]
[BlackElo "1890"]
[PlyCount "62"]
[EventDate "2011.??.??"]

1. e4 c5 2. Nc3 Nc6 3. g3 g6 4. Bg2 Bg7 5. d3 Rb8 6. Be3 b5 7. Qd2 b4 8. Nd1 d6
9. h3 Qb6 10. Ne2 e5 11. O-O Nge7 12. Bh6 O-O 13. Bxg7 Kxg7 14. g4 h6 15. Ng3
Be6 16. c3 d5 17. Ne3 bxc3 18. bxc3 d4 19. cxd4 cxd4 20. Nd5 Qb2 21. Rfd1 Qxd2
22. Rxd2 Rb7 23. Rc1 Rd8 24. f4 f6 25. f5 Bf7 26. fxg6 Bxg6 27. Rf2 Nxd5 28.
Rxc6 Nf4 29. Bf1 Rdd7 30. Ne2 Nxd3 31. Rfxf6 Bxe4 0-1

[Event "Ogolnopolski Turniej Niepelnosprawnych"]
[Site "Rowy"]
[Date "2011.??.??"]
[Round "7.20"]
[White "Prokopczuk, Antoni"]
[Black "Czymbor, Ryszard"]
[Result "1/2-1/2"]
[WhiteElo "1753"]
[BlackElo "1836"]
[PlyCount "30"]
[EventDate "2011.??.??"]

1. d4 d5 2. Nf3 e6 3. c4 c6 4. Nc3 Nf6 5. cxd5 exd5 6. Bg5 Be7 7. e3 O-O 8. Be2
h6 9. Bh4 Bf5 10. h3 Ne4 11. Bxe7 Qxe7 12. O-O Nd7 13. Nh2 Ndf6 14. Rc1 Rfe8
15. Ng4 Nxg4 1/2-1/2